History Quiz

Random History or Clickable Quiz
Score 0/10 Timer 03:00
2 Plays Today
% Correct
The Temptation of St. Anthony - Dalí
86.5%
The Artist's Mother - Giacometti
84.8%
Horse, Pipe and Red
Flower - Miró
80.9%
Castle and Sun - Klee
77.9%
Golconda - Magritte
72.4%
Amok Harvest - Yerka
67.8%
Monument aux
espagnols...
- Picasso
63.6%
The Artist Traveling
Incognito - Carrington
63.3%
Being With - Matta
54.7%
Painting (1946) - Bacon
54.5%

You're not logged in!

Compare scores with friends on all Sporcle quizzes.
OR
Log In

Sporcle TV

Today on Sporcle TV


Watch our educational content, quiz creation guides, and fun videos on Sporcle TV.

Show Comments

Extras

Top Quizzes Today


Score Distribution

Paid Content

Your Account Isn't Verified!

In order to create a playlist on Sporcle, you need to verify the email address you used during registration. Go to your Sporcle Settings to finish the process.

Report this User

Report this user for behavior that violates our Community Guidelines.

Details: